Pauranic ritualism of the fifth century (Sri Viṣṇudharmottara) / (Record no. 1848362)
[ view plain ]
| 000 -LEADER | |
|---|---|
| fixed length control field | 00725cam a2200217 a 4500 |
| 003 - CONTROL NUMBER IDENTIFIER | |
| control field | OSt |
| 005 - DATE AND TIME OF LATEST TRANSACTION | |
| control field | 20260422100226.0 |
| 008 - FIXED-LENGTH DATA ELEMENTS--GENERAL INFORMATION | |
| fixed length control field | 940512s1993 ii 000 0 eng |
| 020 ## - INTERNATIONAL STANDARD BOOK NUMBER | |
| International Standard Book Number | 8185094667 |
| 040 ## - CATALOGING SOURCE | |
| Transcribing agency | HDL |
| 082 00 - DEWEY DECIMAL CLASSIFICATION NUMBER | |
| Classification number | 294.5 N3 |
| 100 1# - MAIN ENTRY--PERSONAL NAME | |
| Personal name | Shah, Priyabala, |
| Dates associated with a name | 1920- |
| 9 (RLIN) | 1235329 |
| 245 10 - TITLE STATEMENT | |
| Title | Pauranic ritualism of the fifth century (Sri Viṣṇudharmottara) / |
| Statement of responsibility, etc. | Priyabala Shah. |
| 260 ## - PUBLICATION, DISTRIBUTION, ETC. | |
| Place of publication, distribution, etc. | Calcutta : |
| Name of publisher, distributor, etc. | Punthi Pustak, |
| Date of publication, distribution, etc. | 1993. |
| 300 ## - PHYSICAL DESCRIPTION | |
| Extent | xxiii, 519 p. |
| 520 ## - SUMMARY, ETC. | |
| Summary, etc. | Study of the Hindu rituals with special reference to Viṣṇudharmottarapurāṇa. |
| 650 #0 - SUBJECT ADDED ENTRY--TOPICAL TERM | |
| Topical term or geographic name entry element | Hinduism |
| 730 0# - ADDED ENTRY--UNIFORM TITLE | |
| Uniform title | Puranas. |
| Name of part/section of a work | Viṣṇudharmottarapurāṇa. |
| Language of a work | English. |
| Date of a work | 1993. |
| 9 (RLIN) | 1235330 |
| 942 ## - ADDED ENTRY ELEMENTS (KOHA) | |
| Source of classification or shelving scheme | Colon Classification (CC) |
| Koha item type | Textual |
| Suppress in OPAC | No |
| Withdrawn status | Lost status | Source of classification or shelving scheme | Damaged status | Not for loan | Home library | Current library | Date acquired | Total Checkouts | Date last seen | Price effective from | Koha item type |
|---|---|---|---|---|---|---|---|---|---|---|---|
| Colon Classification (CC) | Department of History Library | Department of History Library | 2026-04-22 | 2026-04-22 | 2026-04-22 | Textual |
